[Event "Goch op 24th"]
[Site "Goch"]
[Date "2013.09.06"]
[Round "3"]
[White "Der, Josef"]
[Black "Kozakowski, Jerzy"]
[Result "0-1"]
[WhiteElo "1756"]
[BlackElo "1328"]
[PlyCount "68"]
[EventDate "2013.09.05"]
[EventType "swiss"]
[EventRounds "7"]
[EventCountry "GER"]
[SourceTitle "EXT 2015"]
[Source "ChessBase"]
[SourceDate "2014.11.20"]
[SourceVersion "1"]
[SourceVersionDate "2014.11.20"]
[SourceQuality "1"]

1. f4 e6 2. Nf3 f5 3. e3 Nf6 4. b3 d5 5. Bb2 Bd6 6. d3 0-0 7. Nbd2 c5 8. g3 Nc6 9. Bg2 Ng4 10. Qe2 Nb4 11. Nf1 Bd7 12. h3 Nf6 13. a3 Nc6 14. N1d2 Qc7 15. 0-0 Rfe8 16. c4 e5 17. Qf2 e4 18. cxd5 exf3 19. dxc6 fxg2 20. Rfe1 Bxc6 21. Nc4 b5 22. Nxd6 Qxd6 23. Rad1 Qe6 24. Qc2 c4 25. bxc4 bxc4 26. Bd4 cxd3 27. Qxd3 Be4 28. Qe2 Nd5 29. Qb2 Qg6 30. Kh2 Rac8 31. Rd2 Re7 32. Qb3 Qa6 33. Be5 Qf1 34. Qd1 g1Q# 0-1

[Event "Solingen Karneval op"]
[Site "Solingen"]
[Date "2012.02.19"]
[Round "5"]
[White "Biedekoepper, Robert"]
[Black "Der, Josef"]
[Result "1-0"]
[WhiteElo "2111"]
[BlackElo "1798"]
[PlyCount "45"]
[EventDate "2012.02.17"]
[EventType "swiss"]
[EventRounds "5"]
[EventCountry "GER"]
[SourceTitle "EXT 2015"]
[Source "ChessBase"]
[SourceDate "2014.11.20"]
[SourceVersion "1"]
[SourceVersionDate "2014.11.20"]
[SourceQuality "1"]

1. c4 c5 2. Nf3 Nf6 3. Nc3 Nc6 4. d4 cxd4 5. Nxd4 e6 6. Ndb5 d6 7. e4 e5 8. Nd5 Nxd5 9. cxd5 a6 10. dxc6 axb5 11. cxb7 Bxb7 12. Bxb5+ Ke7 13. Qe2 Rb8 14. a4 g6 15. 0-0 Bg7 16. Rd1 Qc7 17. Bg5+ f6 18. Rac1 Qd8 19. Bd2 Rc8 20. Bc4 Re8 21. Bb4 Rc6 22. Bb5 Rxc1 23. Rxc1 1-0

[Event "Goch op 22nd"]
[Site "Goch"]
[Date "2011.10.01"]
[Round "4"]
[White "Vadljan, Marcus Franz"]
[Black "Der, Josef"]
[Result "0-1"]
[WhiteElo "1179"]
[BlackElo "1810"]
[PlyCount "68"]
[EventDate "2011.09.29"]
[EventType "swiss"]
[EventRounds "7"]
[EventCountry "GER"]
[SourceTitle "EXT 2014"]
[Source "ChessBase"]
[SourceDate "2013.11.20"]
[SourceVersion "1"]
[SourceVersionDate "2013.11.20"]
[SourceQuality "1"]

1. d4 d5 2. c4 c6 3. Nc3 Nf6 4. Nf3 e6 5. cxd5 exd5 6. e3 Bd6 7. Bd3 b6 8. Qc2 Na6 9. a3 h6 10. e4 dxe4 11. Nxe4 Nb8 12. Nxd6+ Qxd6 13. 0-0 0-0 14. Re1 Bg4 15. Ne5 Qxd4 16. Qc4 Qxc4 17. Bxc4 Bh5 18. Be3 Nfd7 19. Nd3 Bg6 20. Nf4 Bh7 21. Rad1 Ne5 22. Ba2 Re8 23. Bd4 Nbd7 24. Bxe5 Nxe5 25. Ne6 fxe6 26. Rxe5 Kf8 27. Kf1 Bf5 28. Rde1 Bd3+ 29. Kg1 Rad8 30. f3 c5 31. Bxe6 c4 32. Rc1 b5 33. Ree1 Re7 34. b4 Rde8 0-1

[Event "Dortmund Sparkassen op-B"]
[Site "Dortmund"]
[Date "2010.07.24"]
[Round "8"]
[White "Fistoul, Ilja"]
[Black "Der, Josef"]
[Result "0-1"]
[WhiteElo "1250"]
[BlackElo "1810"]
[PlyCount "64"]
[EventDate "2010.07.17"]
[EventType "swiss"]
[EventRounds "9"]
[EventCountry "GER"]
[SourceTitle "EXT 2014"]
[Source "ChessBase"]
[SourceDate "2013.11.20"]
[SourceVersion "1"]
[SourceVersionDate "2013.11.20"]
[SourceQuality "1"]

1. e4 c5 2. Nf3 Nc6 3. d4 cxd4 4. Nxd4 e5 5. Nxc6 bxc6 6. Be3 Bb7 7. Nc3 Bb4 8. Bd2 Ne7 9. a3 Ba5 10. Na4 Bb6 11. Nxb6 axb6 12. Bc4 d5 13. exd5 cxd5 14. Bb3 0-0 15. 0-0 Re8 16. Bc3 d4 17. Bb4 Ng6 18. c3 Nf4 19. f3 Qg5 20. Rf2 Nh3+ 21. Kf1 Nxf2 22. Kxf2 Qe3+ 23. Kf1 dxc3 24. bxc3 Red8 25. Qe2 Qf4 26. g3 Qxf3+ 27. Qxf3 Bxf3 28. Kf2 Bh5 29. Ke3 Bg6 30. Ba4 Rd3+ 31. Ke2 Rad8 32. Rd1 Bh5+ 0-1

[Event "Dortmund Sparkassen op-B"]
[Site "Dortmund"]
[Date "2010.07.19"]
[Round "3"]
[White "Der, Josef"]
[Black "Koch, Detlev"]
[Result "1-0"]
[WhiteElo "1810"]
[BlackElo "1312"]
[PlyCount "87"]
[EventDate "2010.07.17"]
[EventType "swiss"]
[EventRounds "9"]
[EventCountry "GER"]
[SourceTitle "EXT 2014"]
[Source "ChessBase"]
[SourceDate "2013.11.20"]
[SourceVersion "1"]
[SourceVersionDate "2013.11.20"]
[SourceQuality "1"]

1. d4 Nf6 2. c4 e6 3. Nf3 Bb4+ 4. Bd2 a5 5. e3 0-0 6. Bd3 d5 7. Nc3 c5 8. cxd5 Bxc3 9. Bxc3 Nxd5 10. Rc1 cxd4 11. Bxd4 b6 12. 0-0 Ba6 13. Re1 Bxd3 14. Qxd3 Nd7 15. a3 Ne7 16. Red1 Nf5 17. Bxg7 Nc5 18. Qb1 Qe7 19. Bxf8 Qxf8 20. Rc4 Kh8 21. h3 Nd6 22. Rh4 f5 23. Ne5 Qf6 24. Rhd4 Qxe5 25. Rxd6 Na4 26. R1d4 Rb8 27. Qa2 Rc8 28. Rd8+ Rxd8 29. Rxd8+ Kg7 30. Rd4 Nc5 31. Qc4 Ne4 32. Rd7+ Kg6 33. Qd4 Qf6 34. f3 Ng5 35. Qxf6+ Kxf6 36. h4 Nf7 37. Rb7 Nd6 38. Rxb6 Nc4 39. Rb3 Nd2 40. Rb7 h6 41. b4 Nb1 42. bxa5 Nxa3 43. a6 Nc4 44. a7 1-0

[Event "Dortmund op-B"]
[Site "Dortmund"]
[Date "2009.07.06"]
[Round "3"]
[White "Der, Josef"]
[Black "Schmidt, Martin"]
[Result "1-0"]
[WhiteElo "1812"]
[BlackElo "2107"]
[PlyCount "75"]
[EventDate "2009.07.04"]
[EventType "swiss"]
[EventRounds "9"]
[EventCountry "GER"]
[SourceTitle "EXT 2012"]
[Source "ChessBase"]
[SourceDate "2011.11.24"]
[SourceVersion "1"]
[SourceVersionDate "2011.11.24"]
[SourceQuality "1"]

1. d4 Nf6 2. Nf3 c5 3. e3 Nc6 4. d5 Nb4 5. c4 Ne4 6. Be2 e6 7. dxe6 fxe6 8. a3 Nc6 9. Nbd2 Nxd2 10. Bxd2 d5 11. Bc3 Be7 12. 0-0 0-0 13. cxd5 exd5 14. Qb3 c4 15. Qd1 Be6 16. Nd4 Nxd4 17. Bxd4 Bf6 18. Qd2 Bxd4 19. Qxd4 Qf6 20. Rad1 Qxd4 21. Rxd4 Rf6 22. Bf3 Rd8 23. Rfd1 Rdf8 24. R1d2 Rc8 25. Bxd5 Bxd5 26. Rxd5 Rb6 27. g4 Rb3 28. e4 c3 29. bxc3 Rbxc3 30. e5 Rxa3 31. e6 Kf8 32. Rd7 b5 33. Rb7 Re8 34. Rdd7 b4 35. Rxg7 Rb3 36. Rxh7 Kg8 37. Rbg7+ Kf8 38. e7+ 1-0

[Event "Duesseldorf Nord Cup 8th GrJ"]
[Site "Duesseldorf"]
[Date "2008.08.03"]
[Round "4"]
[White "Reinacher, Detlev"]
[Black "Der, Josef"]
[Result "0-1"]
[WhiteElo "1558"]
[BlackElo "1580"]
[PlyCount "76"]
[EventDate "2008.08.01"]
[EventType "tourn"]
[EventRounds "5"]
[EventCountry "GER"]
[SourceTitle "EXT 2020"]
[Source "ChessBase"]
[SourceDate "2019.10.17"]
[SourceVersion "1"]
[SourceVersionDate "2019.10.17"]
[SourceQuality "1"]

1. d4 d5 2. c4 e6 3. Nc3 Nf6 4. Nf3 c5 5. e3 Nc6 6. cxd5 exd5 7. dxc5 Bxc5 8. Bb5 Be6 9. Ne5 Rc8 10. a3 0-0 11. Nxc6 bxc6 12. Bd3 Qe7 13. 0-0 Bd6 14. b4 Qc7 15. h3 Be5 16. Bb2 Rfd8 17. f4 Bd6 18. Qc2 d4 19. exd4 Bxf4 20. Ne2 Be3+ 21. Kh1 Bg5 22. Ng1 Qd6 23. Nf3 Be3 24. Rae1 Bh6 25. Nh4 Qg3 26. Nf5 Bxf5 27. Bxf5 Bf4 28. Kg1 Qh2+ 29. Kf2 Bg3+ 30. Kf3 Bxe1 31. Bxc8 Qg3+ 32. Ke2 Rxc8 33. Qf5 Re8+ 34. Kd1 Qb3+ 35. Kc1 Bd2+ 36. Kb1 Bc3 37. Qf2 Bxb2 38. Qxb2 Qd3+ 0-1

[Event "Goch op 18th"]
[Site "Goch"]
[Date "2007.10.05"]
[Round "3"]
[White "Bieker, Peter"]
[Black "Der, Josef"]
[Result "0-1"]
[WhiteElo "1241"]
[BlackElo "1784"]
[PlyCount "80"]
[EventDate "2007.10.04"]
[EventType "swiss"]
[EventRounds "7"]
[EventCountry "GER"]
[SourceTitle "EXT 2011"]
[Source "ChessBase"]
[SourceDate "2010.11.26"]
[SourceVersion "1"]
[SourceVersionDate "2010.11.26"]
[SourceQuality "1"]

1. d4 d5 2. Nf3 Nf6 3. e3 e6 4. Bd3 c5 5. c3 Bd6 6. Nbd2 Nc6 7. 0-0 0-0 8. e4 dxe4 9. Nxe4 Nxe4 10. Bxe4 f5 11. Bd3 Qc7 12. Re1 Bd7 13. dxc5 Bxc5 14. Bc4 Rae8 15. Ng5 Nd8 16. g3 h6 17. Nf3 Bc8 18. Ne5 a6 19. Bf4 g5 20. Bc1 Rf6 21. b4 Bd6 22. Nf3 Qxc4 23. Qxd6 Qxc3 24. Be3 Nc6 25. a3 Rd8 26. Qc5 Qb3 27. Ne5 Rd5 28. Qc4 Qxc4 29. Nxc4 f4 30. Nb6 fxe3 31. Rxe3 Rd8 32. Nxc8 Rxc8 33. Rd1 Rcf8 34. Rf1 e5 35. Re4 Rf3 36. a4 Rb3 37. h4 Rxb4 38. Rxb4 Nxb4 39. a5 gxh4 40. gxh4 Rf4 0-1